|
|
|
|
| LEADER |
00000nas a2200000 a 4500 |
| 001 |
ssj0007615 |
| 003 |
WaSeSS |
| 005 |
20200512172242.0 |
| 006 |
m d |
| 007 |
cr n |
| 008 |
871028c19879999waumr p s 0 a0eng d |
| 010 |
|
|
|a sn 88004017
|
| 016 |
7 |
|
|a 012395403
|2 Uk
|
| 022 |
|
|
|l 0895-7991
|y 0895-7991
|
| 032 |
|
|
|a 782620
|b USPS
|
| 035 |
|
|
|a (WaSeSS)ssj0007615
|
| 037 |
|
|
|b Claims, 1001 Fourth Ave. Plaza, Suite 3029, Seattle, WA 98154
|
| 040 |
|
|
|a MNM
|b eng
|c MNM
|d NSD
|d DLC
|d OCLCQ
|d CUS
|d OCLCQ
|d DLC
|d OCLCF
|d OCLCO
|d UKMGB
|d WaSeSS
|
| 042 |
|
|
|a nsdp
|
| 050 |
0 |
0 |
|a HG8011
|b .C53
|
| 082 |
1 |
0 |
|a 368
|2 11
|
| 210 |
0 |
|
|a Claims
|b (Seattle Wash.)
|
| 222 |
|
0 |
|a Claims
|b (Seattle, Wash.)
|
| 245 |
0 |
0 |
|a Claims
|h [electronic resource].
|
| 260 |
|
|
|a Seattle, Wash. :
|b InsuranceWeek,
|c c1987-
|
| 310 |
|
|
|a Monthly
|
| 362 |
0 |
|
|a Vol. 35, no. 10 (Oct. 1987)-
|
| 500 |
|
|
|a "The magazine of insurance adjusting and claims management."
|
| 500 |
|
|
|a Title from cover.
|
| 500 |
|
|
|a Published: Erlanger, KY : National Underwriter Co., <Nov. 2010->
|
| 506 |
|
|
|a License restrictions may limit access.
|
| 588 |
|
|
|a Latest issue consulted: Vol. 58, no. 11 (Nov. 2010).
|
| 650 |
|
0 |
|a Insurance
|v Periodicals.
|
| 650 |
|
0 |
|a Insurance claims
|v Periodicals.
|
| 650 |
|
7 |
|a Insurance.
|2 fast
|0 (OCoLC)fst00974532
|
| 650 |
|
7 |
|a Insurance claims.
|2 fast
|0 (OCoLC)fst00974653
|
| 655 |
|
0 |
|a Electronic journals.
|
| 780 |
0 |
0 |
|t Insurance adjuster
|x 0020-4579
|w (DLC)sn 78004444
|w (OCoLC)4079885
|
| 850 |
|
|
|a DLC
|
| 856 |
4 |
0 |
|z Full text available from Research Library: 01/01/2005 to 03/31/2018
|u https://search.proquest.com/publication/196189
|